[Event "Catalunya-ch"]
[Site "Barcelona"]
[Date "2007.04.06"]
[Round "6"]
[White "Moskalenko, Viktor"]
[Black "Benitez Perez, Joaquin"]
[Result "1-0"]
[WhiteElo "2539"]
[BlackElo "2076"]
[PlyCount "57"]
[EventDate "2007.04.01"]
[EventType "swiss"]
[EventRounds "9"]
[EventCountry "ESP"]
[SourceTitle "CBM 117 Extra"]
[Source "ChessBase"]
[SourceDate "2007.05.09"]
[SourceVersion "1"]
[SourceVersionDate "2007.05.09"]
[SourceQuality "1"]

1. d4 Nf6 2. c4 e6 3. Nc3 Bb4 4. f3 d5 5. a3 Bxc3+ 6. bxc3 h6 7. cxd5 exd5 8. e3 0-0 9. Bd3 Re8 10. Ne2 b6 11. 0-0 Ba6 12. Bxa6 Nxa6 13. Qd3 Qc8 14. Ng3 c5 15. e4 cxd4 16. cxd4 Qc4 17. Qxc4 dxc4 18. Nf5 Red8 19. Bf4 Rd7 20. Rfc1 Rc8 21. d5 b5 22. Nd6 Nh5 23. Be5 Rc5 24. Nf5 f6 25. Bd4 Nf4 26. Rc2 Nd3 27. Rb1 Rb7 28. Nd6 Rb8 29. Bxc5 1-0